| 000 | 00865cam a22002895a 4500 | ||
|---|---|---|---|
| 001 | 015758422 | ||
| 003 | OSt | ||
| 005 | 20150712105615.0 | ||
| 008 | 110218t2012 flua frbd 001 0 eng d | ||
| 020 | _a9781840761580 (hbk.) | ||
| 040 |
_aStDuBDS _beng _cStDuBDS _dIeDuTC _dUk _dEG-ScBUE |
||
| 082 | 0 | 4 |
_a616.462 _bDIA _222 |
| 245 | 0 | 0 |
_aDiabetes / _cR. David Leslie ... [et al.] |
| 260 |
_aBoca Raton : _bTaylor and Francis Group, _cc.2012. |
||
| 300 |
_a208 p. : _bill. (col.) ; _c27 cm. |
||
| 490 | 0 | _aClinician's desk reference | |
| 500 | _aIndex : p. 201-208. | ||
| 500 | _aGlossary : p. 193-200. | ||
| 504 | _aIncludes bibliographical references. | ||
| 590 | _aSAMEH | ||
| 650 | 0 |
_aDiabetes. _2BUEsh |
|
| 651 | _2BUEsh | ||
| 653 |
_bNNUR _cJuly2015 |
||
| 655 |
_vreading book _934232 |
||
| 700 | 1 |
_aLeslie, R. D. G. _938228 |
|
| 942 |
_2ddc _k616.462 DIA |
||
| 999 |
_c20278 _d20250 |
||